00661nam a2200217Ia 450000500170000000800410001702000150005808200210007310000130009424501000010726000400020730000150024765000100026265000110027265000170028365000100030065000150031094200060032595200970033199900150042820250122020727.0240331s9999 xx 000 0 und d a0704340798 bCOR23551a305.4 aCorea, G 4aThe Mother Machine:bReproductive Technologies from Artificial Insemination to Artificial Wombs aLondonbThe Women's Press Ltdc1988 ax, 390 p., aWomen aMother aReproduction aBirth aTechnology cL 001040708LaWERCLbWERCLcSSCd2024-03-31l0o 305.4 CORp3551r2024-03-31w2024-03-31yL c1631d1631